Toutes les communes des Hauts-de Seine sur une carte. - Statistiques

Statistiques générales
  • Ce quiz a été pris 7 214 fois
  • Le résultat moyen est 23 sur 36
Réponses sur la Carte
Les réponses sont colorées sur une échelle allant du rouge au vert en fonction du pourcentage des utilisateurs qui les ont devinées à leur premier essai. Vous pouvez retrouver ces pourcentages ci-dessous.
 
Statistiques - réponses
Commune Population % Correct
Nanterre 96 807
93%
Boulogne-Billancourt 121 334
92%
Colombes 86 052
84%
Levallois-Perret 65 817
82%
Neuilly-sur-Seine 59 940
82%
Issy-les-Moulineaux 68 260
80%
Asnières-sur-Seine 85 946
79%
Antony 62 858
78%
Puteaux 44 837
77%
Clamart 52 926
74%
Courbevoie 82 198
73%
Clichy 62 485
72%
Gennevilliers 47 702
72%
Rueil-Malmaison 77 986
72%
Saint-Cloud 30 038
72%
Montrouge 48 734
71%
Malakoff 30 711
70%
Suresnes 48 763
69%
Bois-Colombes 28 468
68%
Vanves 27 466
67%
Meudon 45 748
66%
Bagneux 40 812
62%
La Garenne-Colombes 29 430
62%
Sèvres 23 251
62%
Châtillon 37 010
55%
Sceaux 19 606
55%
Le Plessis-Robinson 29 665
49%
Villeneuve-la-Garenne 24 023
49%
Bourg-la-Reine 20 769
48%
Garches 17 762
47%
Châtenay-Malabry 34 170
46%
Chaville 20 702
46%
Marnes-la-Coquette 1 792
45%
Fontenay-aux-Roses 25 342
44%
Ville-d'Avray 11 050
40%
Vaucresson 8 660
39%
Aucun quiz correspondant
Distribution des résultats
% des personnes avec chaque résultat
Percentile par nombre de réponses
Votre historique - résultats
Vous n’avez pas pris ce quiz